000 00670cam a22002413a 4500
001 24112
003 PGUSA
005 20140828083521.0
008 080102s2008||||xxu|||||s|||||000 p eng d
040 _aPGUSA
_beng
042 _adc
050 4 _aPL
100 1 _aWang, Guowei,
_d1877-1927
245 1 0 _a人間詞話
_h[electronic resource] /
_cGuowei Wang
260 _bProject Gutenberg,
_c2008
506 _aPublic domain in the USA.
516 _aElectronic text
653 _aCi (Chinese poetry) -- History and criticism
740 0 _aRen jian ci hua
830 0 _aProject Gutenberg
_v24112
856 4 0 _uhttp://www.gutenberg.org/ebooks/24112
942 _cEB
999 _c253367
_d253367